000 00273nam a22001217a 4500
008 170502b xxu||||| |||| 00| 0 eng d
041 _aeng
080 _212TH
_a343.9
100 _a14
101 _aSHJ
245 _aMODERN CRIMINAL PROCEDURE
_cKAMISAR, Y
942 _2udc
_cBK
999 _c12364
_d12364